Регионална библиотека "Любен Каравелов" - Русе

Множество Катрини (Запис номер 151924)

MARC детайли
000 -Лидер
Контролно поле с фиксирана дължина 01351nam a2200349 c 4500
003 - Код на организацията, давaща контролен номер
Контролно поле BLK
005 - Дата и час на последна редакция
Контролно поле 20240701121441.0
008 - Елементи от данни с фиксирана дължина
fixed length control field 180410b bul|||||r ||||||| ||bul||
010 ## - Наследен системен номер
LC control number KNG00158359000
020 ## - Международен стандартен номер на книга ISBN
Международен стандартен номер на книга ISBN 978-954-27-1157-5
-- издат.: Егмонт България
040 ## - Източник на каталожния запис
Идентификатор на билиотеката - собственик на записа BLK
041 ## - Код за език
Код за езика на текст/звукозапис или на отделно заглавие Български
Код за езика КДБФ Български
072 #7 - Код за тематичната категория
Код организация bullib
Код за тематична категория Н83
Текст Чужда художествена литература Н
080 ## - УДК
Текстов определител УДК Американска литература (на САЩ)
УДК код - определител по УДК 821.111(73)
УДК определител -31
УДК - код + определител 821.111(73)-31
100 1# - Редна дума - Автор
Автор Грийн, Джон
Авторска отговорност първи автор
R(LIN) 329767
139 ## - Редно поле
Редна дума Грийн, Джон
Авторски знак Григ - Г 82
245 10 - Сведения за заглавието
Заглавие Множество Катрини
Подзаглавни данни Роман
Редно поле (дума) Джон Грийн; прев. Гергана Дечева.
257 ## - Страна на издаване
Страна на създаване/издаване Съединени американски щати
260 ## - Област на издателските данни
-- София
Име на издателя, разпространителя и проч. Егмонт България
Година на издаване 2014
Печатница София : Инвестпрес
300 ## - Физическа характеристика
Страници 288 с.
Размери/Мащаб 21 см
380 ## - Жанр
Жанр Худож. лит.
500 ## - Общи забележки
Забележка Ориг. загл. An Abundance of Katherines / John Green.
653 ## - Ключова дума – ненормативна
Ключова дума романи
659 ## - Тематичен бюлетин
Тематичен бюлетин Н
700 1# - Други автори (авторска отговорност)
Лично име Дечева, Гергана
Автороска отговорност (Описва отношението между автора и произведението) прев.
9 (RLIN) 378634
852 ## - Местоположение
Форматна сигнатура Цб 268236
856 4# - Електронен адрес и достъп
Електронен формат pdf - файл
Път до файла /url/
856 4# - Електронен адрес и достъп
Електронен формат pdf - файл
Път до файла /url/
942 ## - АРТИКУЛИ
Вид на библиотечния материал Книги
Скрит в OPAC Не
Koha issues (borrowed), all copies 22
944 ## - СЪЗДАВАНЕ И РЕДАКЦИЯ на ЗАПИСА
Създаване/Редакция Създаване
Дата на регистрацията/редакция 21.03.2014
Статус, дата на статуса Минев Младен
Служител, извършил регистрацията/редакцията 30530
944 ## - СЪЗДАВАНЕ И РЕДАКЦИЯ на ЗАПИСА
Създаване/Редакция Редакция
Дата на регистрацията/редакция 27.03.2017
Статус, дата на статуса ф /
Служител, извършил регистрацията/редакцията Людмила_Стоянова
999 ## - СИСТЕМНИ КОНТРОЛНИ НОМЕРА
Koha biblionumber 151924
Koha biblioitemnumber 151924
Наличности
Код за отписване Код за изгубен артикул Източник на класификационната схема Код за повреда Коз за рестрикции Код за отдаване Артикулен № Име на библиотеката - собственик Име на библиотеката, в която се намира в момента Статус (Текущо местоположение) Дата на вписване в системата Местоположение - отдел Цена в лева Инвентарен номер Систематично азбучна сигнатура Баркод Номер на екземпляра Цена в евро Служебна бележка Служебен тип на артикула
  Не е изгубен Universal Decimal Classification Не е повреден без рестрикции заемане за дома 253643 Регионална библиотека "Любен Каравелов" Русе Регионална библиотека "Любен Каравелов" Русе Заемна - подръчен фонд 2014-03-22 Заемна - подръчен фонд 14.00 120000775947 П 821-31/Г 82 120000775947 1 7.16 Дост: Pk Вид: Ф N: 283 Дата: 05.03.2014 Книги
  Не е изгубен   Не е повреден без рестрикции заемане за дома 253644 Регионална библиотека "Любен Каравелов" Русе Регионална библиотека "Любен Каравелов" Русе Заемна - подръчен фонд 2014-03-22 Заемна - подръчен фонд 14.00 120000775948 П 820(73)-31/Г 82 120000775948 2 7.16 Дост: Pk Вид: Ф N: 283 Дата: 05.03.2014 Дата инв: 14.02.2018 Бележки инв: П2018 Книги
  Не е изгубен   Не е повреден без рестрикции ползва се в читалня 253645 Регионална библиотека "Любен Каравелов" Русе Регионална библиотека "Любен Каравелов" Русе Хранилище 2015-04-03 Хранилище 14.00 120000786836 Цб 268236 120000786836 3 7.16 Дост: Dp Вид: Д N: 36 Дата: 15.08.2014 Книги
  Не е изгубен   Не е повреден без рестрикции заемане за дома 253646 Регионална библиотека "Любен Каравелов" Русе Регионална библиотека "Любен Каравелов" Русе Заемна - подръчен фонд 2017-03-22 Заемна - подръчен фонд 14.00 120000809277 П 820(73)-31/Г 82 120000809277 4 7.16 Дост: DA Вид: А N: 11 Дата: 22.03.2017 Дата инв: 14.02.2018 Бележки инв: П2018 Книги
Vip Innovations Ltd, Rousse, Bulgaria 2025